| 000 | 00432nam a2200157 i 4500 | ||
|---|---|---|---|
| 001 | 62721 | ||
| 003 | ES-MaACL | ||
| 005 | 20230906164722.0 | ||
| 007 | t| | ||
| 008 | 031125s1962 sp ||||1| spa d | ||
| 100 | 1 |
_aFernández Larraín, Sergio. _949864 |
|
| 245 | 1 | 0 |
_aPalabras en España / _cSergio Fernández Larraín. |
| 260 |
_aMadrid : _b[s.n.], _c1962. |
||
| 300 |
_a193 p. ; _c24 cm. |
||
| 852 |
_aES-MaACL _jC-21302 _bR.49653 |
||
| 999 |
_c62721 _d62721 |
||